Score 0/20 Timer 04:00
0 Plays Today
Character Dead or Alive? % Correct
Piggy???
87.4%
Dr. John Watson???
86.7%
Denethor???
82.5%
Remus Lupin???
79.3%
Old Major???
79%
Holden Caulfield???
75.9%
Jack Ryan???
75.3%
Margaret Simon???
73%
Tom Robinson???
72.6%
Captain Ahab???
71.6%
Character Dead or Alive? % Correct
Nick Carraway???
70.2%
Aunt Polly???
69.6%
Aslan???
68.2%
Vizzini???
66.5%
Paul Sheldon???
61.6%
Heathcliff???
60.9%
Melanie Wilkes???
58.7%
Shane???
49.8%
John Thornton???
46%
Donald Gennaro???
34.9%

You're not logged in!

Compare scores with friends on all Sporcle quizzes.
OR
Log In

Sporcle TV

Today on Sporcle TV


Watch our educational content, quiz creation guides, and fun videos on Sporcle TV.

Show Comments

Extras

Top Quizzes Today


Score Distribution

Paid Content

Your Account Isn't Verified!

In order to create a playlist on Sporcle, you need to verify the email address you used during registration. Go to your Sporcle Settings to finish the process.

Report this User

Report this user for behavior that violates our Community Guidelines.

Details: